| 000 | 00383nam a22001697a 4500 | ||
|---|---|---|---|
| 005 | 20251105085826.0 | ||
| 020 | _a9789364681469 | ||
| 041 | _aEnglish | ||
| 082 | _a001 R25 JAK | ||
| 100 | _aJakhar Dharmendra | ||
| 245 | _aCSAT solver paper 2014-2024 for UPSC | ||
| 250 | _a01 | ||
| 260 |
_aU.P _bS.Chand and Company _c2025 |
||
| 300 | _a288 | ||
| 365 | _b350.00 | ||
| 942 | _cBK | ||
| 999 |
_c176404 _d176404 |
||